| 000 | 00746nam a2200217 i 4500 | ||
|---|---|---|---|
| 001 | 146885 | ||
| 003 | ES-MaACL | ||
| 005 | 20250903022140.0 | ||
| 007 | t| | ||
| 008 | 070919s1966 sp |||| | spa d | ||
| 080 | _a519.2(02) | ||
| 100 | 1 |
_aTucker, Howard G. _9111629 |
|
| 245 | 1 | 0 |
_aIntroducción a la teoría matemática de las probabilidades y la estadística / _cHoward G. Tucker ; prólogo y traducción de R. Rodríguez Vidal. |
| 260 |
_a[Barcelona] : _bVicens-Vives, _c[1966] |
||
| 300 |
_aXII, 272 p. ; _c22 cm. |
||
| 650 | 1 | 4 |
_aEstadística matemática- _vObras de divulgación _912522 |
| 650 | 4 |
_aProbabilidades. _916411 |
|
| 700 | 1 |
_aRodríguez Vidal, Rafael. _998857 |
|
| 852 |
_aES-MaACL _jC-32281 |
||
| 999 |
_c146885 _d146885 |
||